000 00586nam a22001697a 4500
003 NUST
038 _aZafar Iqbal Malik
082 _a200
100 _aMalik, Mehreen
_9127789
245 _aDigital Leadership and Business Model Innovation: A Case Study of Digital Transformation of the Textile Industry/
_cMehreen Malik
264 _aIslamabad
_bNBS NUST
_c2024
300 _a315, p.
_c35 cm.
650 _aPhD-Business Administration
_9123754
700 _aSupervisor: Dr. Naukhez Sarwar
_9123755
856 _uhttp://10.250.8.41:8080/xmlui/handle/123456789/49334
942 _2ddc
_cSC
999 _c612798
_d612798